| 000 | 00428nam a2200157Ia 4500 | ||
|---|---|---|---|
| 008 | 220530s9999 xx 000 0 und d | ||
| 020 | _a8181830156 | ||
| 040 | _aeng | ||
| 082 | _a100 | ||
| 100 |
_aROBERT ELIAS NAJEMY _962153 |
||
| 245 | _aUNIVERSAL PHILOSOPHY THE ESSENCE OF ALL TEACHINGS | ||
| 250 | _aFIRST | ||
| 260 |
_aMUMBAI _bVMP PUBLISHERS AND DISTRIBUTERS MUMBAI _c2004 |
||
| 300 | _a305 | ||
| 650 |
_aMISCELLNOUS _962154 |
||
| 999 |
_c2945 _d2945 |
||